| 000 | 01159nam0a22002651i 4500 | ||
|---|---|---|---|
| 001 | rc\3251197 | ||
| 005 | 20240726055731.0 | ||
| 021 |
_aRU _b[72-19806а] |
||
| 035 | _a(NLR Aleph) 007479659 | ||
| 090 |
_a7502851 _c7502851 |
||
| 100 | _a20130115d1972 |||y0rusy50 ca | ||
| 101 | 0 | _arus | |
| 102 | _aRU | ||
| 105 | _ay d ||||| | ||
| 200 | 1 |
_aШахтные воды Львовско-Волынского угольного бассейна _e(Гигиен. характеристика, влияние на водоемы, эффективность очистки) _eАвтореф. дис. на соиск. учен. степени канд. мед. наук _e(756) _fЛьвов. гос. мед. ин-т |
|
| 210 |
_aЛьвов _d1972 |
||
| 215 | _a15 с. | ||
| 320 | _aСписок работ авт.: с. 15 (7 назв.) | ||
| 606 |
_aГорное дело _xВлияние на внешнюю среду _2psbo |
||
| 606 |
_aВоды сточные _xПромышленные _2psbo |
||
| 700 | 1 |
_aЧумало _bП.Г. _gПетр Григорьевич |
|
| 801 | 0 |
_aRU _bNLR _gpsbo |
|
| 801 | 1 |
_aRU _bELAR _2rusmarc |
|
| 852 |
_aNLR _j73-6/1387 |
||
| 942 | _cBOOK | ||